000 00563nam a2200241 a 4500
001 nice12345678
003 IN_TiNIC
005 20260116011527.0
008 050524s1934 ista grp 000 0 eng
020 _a
_c100
082 0 0 _a922.97
_bHUR
100 _aHuri, S
245 _aHapishane Ler Kahramani
260 _aIstanbul
_bSelamet Matbaasi.
_c1934
300 _a59p
500 _aincludes index and biblioraphy
505 2 _aTurkish
650 _aHapishaneler Kahrumani
700 1 _aHuri, S
902 _bSRS
942 _cBK
999 _c2321
_d2321